000 00486nam a2200181Ia 4500
005 20250508152222.0
008 008 250505s9999 xx 000 0 eng d
037 _aBooks to be hide in OPAC
040 _aFEDL
_beng
_cFEDL
041 _aeng
_2eng
084 _a821, FRA/O
_qFEDL
100 _aFraser G S Ed.
245 0 _aPoetry now an anthology
260 _aLondon, UK
_bFaber and Faber
300 _a198p.
942 _cHB
_h821, FRA/O
999 _c1335031
_d1335031